[Event "Prague op"]
[Site "Prague"]
[Date "2024.03.01"]
[Round "3"]
[White "Neuman, Petr"]
[Black "Sethuraman, SP."]
[Result "1-0"]
[WhiteElo "2390"]
[BlackElo "2603"]
[PlyCount "79"]
[EventDate "2024.02.28"]
[EventType "swiss"]
[EventRounds "9"]
[EventCountry "CZE"]
[SourceTitle "CB11_2024"]
[SourceDate "2024.03.13"]
[SourceVersion "1"]
[SourceVersionDate "2024.03.13"]
[SourceQuality "1"]

1. e4 c5 2. Nf3 Nc6 3. Bb5 g6 4. 0-0 Bg7 5. Bxc6 dxc6 6. d3 Qc7 7. a4 Nf6 8. a5 e5 9. Nbd2 Be6 10. b3 0-0 11. Nc4 Nh5 12. Be3 b6 13. axb6 axb6 14. Qd2 Bg4 15. Ng5 Nf4 16. h3 Bd7 17. Kh2 f6 18. Nf3 b5 19. Na5 Ne6 20. b4 cxb4 21. Qxb4 c5 22. Qe1 f5 23. Bd2 fxe4 24. Qxe4 b4 25. Nb3 Rxa1 26. Rxa1 Bc6 27. Qc4 e4+ 28. Kg1 Qd6 29. Ra6 exf3 30. Nxc5 Re8 31. Ne4 Qe5 32. Qxc6 Nd4 33. Qc4+ Kh8 34. Ng5 Ne2+ 35. Kh1 Ng3+ 36. fxg3 fxg2+ 37. Kg1 Qd4+ 38. Qxd4 Bxd4+ 39. Kxg2 h6 40. Ne4 1-0

[Event "Chessable Masters Div 3 Lose"]
[Site "Chess.com INT"]
[Date "2024.02.02"]
[Round "1.2"]
[White "Kuzubov, Yuriy"]
[Black "Sethuraman, SP."]
[Result "1/2-1/2"]
[WhiteElo "2605"]
[BlackElo "2603"]
[PlyCount "88"]
[EventDate "2024.02.02"]
[EventType "k.o. (rapid)"]
[EventRounds "8"]
[EventCountry "USA"]
[SourceTitle "CB06_2024"]
[SourceDate "2024.02.07"]
[SourceVersion "1"]
[SourceVersionDate "2024.02.07"]
[SourceQuality "1"]

1. d4 Nf6 2. Nf3 d5 3. c4 e6 4. Nc3 dxc4 5. e4 b5 6. e5 Nd5 7. Nxb5 Nb6 8. Qc2 Nc6 9. Be3 Ba6 10. Nc3 Nb4 11. Qe4 Be7 12. Be2 Qd7 13. 0-0 0-0-0 14. b3 f5 15. Qb1 g5 16. a3 N4d5 17. Nxd5 Qxd5 18. Rc1 f4 19. bxc4 Qb7 20. Bd2 g4 21. Bxf4 gxf3 22. Bxf3 Qb8 23. d5 Rdf8 24. Qe4 Rhg8 25. Bh6 Re8 26. d6 cxd6 27. exd6 Bxd6 28. Qc6+ Qc7 29. c5 Bxh2+ 30. Kh1 Qxc6 31. Bxc6 Nd7 32. Kxh2 Rg6 33. Be3 e5 34. Be4 Rf6 35. Rab1 Kc7 36. Rd1 Nb8 37. Rd6 Rxd6 38. cxd6+ Kxd6 39. Bxa7 Nd7 40. Bf5 Re7 41. Rd1+ Kc7 42. Rxd7+ Rxd7 43. Bxd7 Kxd7 44. Be3 Ke6 1/2-1/2

[Event "Chessable Masters Play In"]
[Site "Chess.com INT"]
[Date "2024.01.31"]
[Round "3"]
[White "Sethuraman, SP."]
[Black "Pichot, Alan"]
[Result "1/2-1/2"]
[WhiteElo "2594"]
[BlackElo "2644"]
[PlyCount "61"]
[EventDate "2024.01.31"]
[EventType "swiss (rapid)"]
[EventRounds "9"]
[EventCountry "USA"]
[SourceTitle "CB06_2024"]
[SourceDate "2024.02.07"]
[SourceVersion "1"]
[SourceVersionDate "2024.02.07"]
[SourceQuality "1"]

1. e4 e5 2. Nf3 Nc6 3. Bb5 a6 4. Ba4 Nf6 5. d3 d6 6. c3 g6 7. 0-0 Bg7 8. h3 0-0 9. Be3 h6 10. Nbd2 b5 11. Bc2 d5 12. a4 Rb8 13. axb5 axb5 14. d4 exd4 15. Nxd4 Nxd4 16. Bxd4 dxe4 17. Nxe4 Nxe4 18. Bxg7 Kxg7 19. Bxe4 Be6 20. Qxd8 Rfxd8 21. Rfd1 Rxd1+ 22. Rxd1 b4 23. cxb4 Rxb4 24. Bf3 c5 25. Rd2 Kf6 26. Bd5 Bxd5 27. Rxd5 c4 28. Rd2 Rb3 29. Rd4 Rxb2 30. Rxc4 Rb1+ 31. Kh2 1/2-1/2

[Event "Bangalore op 1st"]
[Site "Bangalore"]
[Date "2024.01.26"]
[Round "10"]
[White "Sethuraman, SP."]
[Black "Ghosh, Diptayan"]
[Result "1/2-1/2"]
[WhiteElo "2594"]
[BlackElo "2568"]
[PlyCount "60"]
[EventDate "2024.01.18"]
[EventType "swiss"]
[EventRounds "10"]
[EventCountry "IND"]
[SourceTitle "CB05_2024"]
[SourceDate "2024.01.31"]
[SourceVersion "1"]
[SourceVersionDate "2024.01.31"]
[SourceQuality "1"]

1. e4 c5 2. Nf3 e6 3. d4 cxd4 4. Nxd4 Nf6 5. Nc3 Nc6 6. a3 d6 7. h3 Be7 8. Be3 0-0 9. Qd2 Nxd4 10. Qxd4 Bd7 11. g4 Bc6 12. Bg2 b5 13. g5 Nd7 14. h4 a5 15. Ne2 f5 16. gxf6 Nxf6 17. 0-0-0 Qc7 18. Qd3 e5 19. Ng3 Bd7 20. Bh3 b4 21. Bxd7 Qxd7 22. Nf5 bxa3 23. bxa3 Rfc8 24. Rhg1 Bf8 25. Bg5 Qe6 26. Rg3 Ra7 27. Rd2 Rac7 28. Bxf6 Qxf6 29. h5 Kh8 30. Qb3 Rc4 1/2-1/2

[Event "Bangalore op 1st"]
[Site "Bangalore"]
[Date "2024.01.25"]
[Round "9"]
[White "Short, Nigel D"]
[Black "Sethuraman, SP."]
[Result "1/2-1/2"]
[WhiteElo "2592"]
[BlackElo "2594"]
[PlyCount "65"]
[EventDate "2024.01.18"]
[EventType "swiss"]
[EventRounds "10"]
[EventCountry "IND"]
[SourceTitle "CB05_2024"]
[SourceDate "2024.01.31"]
[SourceVersion "1"]
[SourceVersionDate "2024.01.31"]
[SourceQuality "1"]

1. e4 e5 2. Nf3 Nc6 3. Bb5 a6 4. Ba4 Nf6 5. Qe2 b5 6. Bb3 Bc5 7. c3 0-0 8. d3 h6 9. h3 d5 10. g4 Be6 11. g5 dxe4 12. dxe4 Bxb3 13. axb3 hxg5 14. Bxg5 Be7 15. Nbd2 Nh5 16. Be3 Qd6 17. Rg1 Rfd8 18. Nh4 Bxh4 19. Qxh5 Bf6 20. h4 b4 21. Qg4 Qd7 22. h5 Qxg4 23. Rxg4 a5 24. Kd1 a4 25. bxa4 bxc3 26. bxc3 Ra6 27. Ke2 Rda8 28. Rag1 Kh7 29. Bg5 Bxg5 30. Rxg5 Rg8 31. Rf5 f6 32. Rf3 Nd8 33. Ra1 1/2-1/2

[Event "Bangalore op 1st"]
[Site "Bangalore"]
[Date "2024.01.18"]
[Round "1"]
[White "Raghav, V."]
[Black "Sethuraman, SP."]
[Result "1/2-1/2"]
[WhiteElo "2150"]
[BlackElo "2594"]
[PlyCount "118"]
[EventDate "2024.01.18"]
[EventType "swiss"]
[EventRounds "10"]
[EventCountry "IND"]
[SourceTitle "CB05_2024"]
[SourceDate "2024.01.31"]
[SourceVersion "1"]
[SourceVersionDate "2024.01.31"]
[SourceQuality "1"]

1. c4 Nf6 2. Nc3 e6 3. e4 c5 4. e5 Ng8 5. Nf3 Nc6 6. d4 cxd4 7. Nxd4 Nxe5 8. Ndb5 f6 9. Be3 a6 10. Nd6+ Bxd6 11. Qxd6 Ne7 12. Bb6 Nf5 13. Qb4 Nc6 14. Qc5 d6 15. Bxd8 dxc5 16. Bb6 e5 17. Bxc5 Be6 18. Ne4 0-0-0 19. Bb6 Rd7 20. Nc5 Rd6 21. Ne4 Rd7 22. Nc5 Re7 23. Nxe6 Rxe6 24. c5 e4 25. Bc4 Re5 26. 0-0-0 Rhe8 27. g4 Nfd4 28. Rd2 e3 29. fxe3 Rxe3 30. Rhd1 Re1 31. b4 Rxd1+ 32. Rxd1 Re4 33. Bd3 Rxg4 34. a4 g6 35. b5 axb5 36. axb5 Ne5 37. Bf1 Rf4 38. c6 Ne6 39. Bh3 f5 40. Rd6 Nc7 41. Bxc7 Kxc7 42. Re6 Nd3+ 43. Kd2 Re4 44. b6+ Kxb6 45. cxb7+ Kc7 46. Rb6 Re8 47. b8Q+ Rxb8 48. Rxb8 Kxb8 49. Kxd3 Kc7 50. Kd4 Kd6 51. Bg2 Ke6 52. Bd5+ Kf6 53. Ke3 g5 54. h3 h5 55. Bf3 g4 56. hxg4 fxg4 57. Bxg4 hxg4 58. Kf4 g3 59. Kxg3 Ke5 1/2-1/2

[Event "Titled Tuesday intern op 09th Jan Early"]
[Site "Chess.com INT"]
[Date "2024.01.09"]
[Round "10"]
[White "Kvaloy, Aksel Bu"]
[Black "Sethuraman, SP."]
[Result "0-1"]
[WhiteElo "2443"]
[BlackElo "2594"]
[PlyCount "80"]
[EventDate "2024.01.09"]
[EventType "swiss (blitz)"]
[EventRounds "11"]
[EventCountry "USA"]
[SourceTitle "CB03_2024"]
[SourceDate "2024.01.17"]
[SourceVersion "1"]
[SourceVersionDate "2024.01.17"]
[SourceQuality "1"]

1. d4 d5 2. Nf3 Nf6 3. Bf4 g6 4. e3 Bg7 5. c4 0-0 6. Nc3 c5 7. cxd5 Nxd5 8. Nxd5 Qxd5 9. Be2 Nc6 10. 0-0 cxd4 11. exd4 Nxd4 12. Nxd4 Qxd4 13. Qxd4 Bxd4 14. Bf3 e5 15. Be3 Bxe3 16. fxe3 Be6 17. b3 Rab8 18. Rac1 Rfd8 19. Rc7 Rd3 20. Re1 Rd2 21. Re2 Rxe2 22. Bxe2 a5 23. Kf2 b6 24. Rc6 Kg7 25. e4 h5 26. h4 Kf8 27. Ke3 Ke7 28. Bb5 Rb7 29. Ba6 Rb8 30. Bb5 Kd8 31. g3 Rb7 32. Kd3 Bd7 33. Rd6 Ke7 34. Rd5 f6 35. Bxd7 Rxd7 36. Kc4 Rxd5 37. Kxd5 Kd7 38. a4 Ke7 39. Kc6 f5 40. exf5 e4 0-1

[Event "Sitges Sunway op 10th"]
[Site "Sitges"]
[Date "2023.12.18"]
[Round "6"]
[White "Sethuraman, SP."]
[Black "Petkov, Momchil"]
[Result "1-0"]
[WhiteElo "2582"]
[BlackElo "2496"]
[PlyCount "112"]
[EventDate "2023.12.12"]
[EventType "swiss"]
[EventRounds "10"]
[EventCountry "ESP"]
[SourceTitle "CB52_2023"]
[SourceDate "2023.12.27"]
[SourceVersion "1"]
[SourceVersionDate "2023.12.27"]
[SourceQuality "1"]

1. e4 c6 2. d4 d5 3. e5 c5 4. dxc5 e6 5. c3 Nc6 6. Nf3 Bxc5 7. b4 Bb6 8. b5 Na5 9. Ba3 Bd7 10. Nbd2 Rc8 11. Bb4 Ne7 12. Bd3 Ng6 13. g3 Qc7 14. Qe2 Bc5 15. a3 Bxb4 16. axb4 Nb3 17. Nxb3 Qxc3+ 18. Qd2 Qxb3 19. Nd4 Qc3 20. Qxc3 Rxc3 21. Kd2 Rxd3+ 22. Kxd3 Nxe5+ 23. Kc3 Kd8 24. Rxa7 Kc7 25. Rha1 Nc4 26. f4 Nb6 27. Nb3 Bxb5 28. Nc5 Rb8 29. R1a5 Bc4 30. Ra1 Nc8 31. Ra8 Rxa8 32. Rxa8 b6 33. Ne4 f6 34. g4 Be2 35. Nf2 Kb7 36. Ra1 Nd6 37. Re1 Bc4 38. g5 Nb5+ 39. Kb2 d4 40. gxf6 gxf6 41. Ng4 Nc3 42. Nxf6 Ne2 43. Rf1 Nc3 44. Rf3 Be2 45. Rh3 h5 46. Nxh5 Nd5 47. Ng3 Bd3 48. Rh4 Kc6 49. Kc1 Ne3 50. Rh8 Kd5 51. h4 Ng2 52. Kd2 Nxf4 53. Nh5 Nxh5 54. Rxh5+ Ke4 55. Rg5 Bb1 56. Rg1 Kd5 1-0

[Event "Qatar Masters op"]
[Site "Doha"]
[Date "2023.10.20"]
[Round "9"]
[White "Oparin, Grigoriy"]
[Black "Sethuraman, SP."]
[Result "1/2-1/2"]
[WhiteElo "2681"]
[BlackElo "2598"]
[PlyCount "80"]
[EventDate "2023.10.11"]
[EventType "swiss"]
[EventRounds "9"]
[EventCountry "QAT"]
[SourceTitle "Mega2024 Update 01"]
[Source "Chessbase"]
[SourceDate "2023.11.12"]
[SourceVersion "1"]
[SourceVersionDate "2023.11.12"]
[SourceQuality "1"]

1. e4 e5 2. Nf3 Nc6 3. Bc4 Nf6 4. d3 Bc5 5. 0-0 d6 6. c3 a5 7. Bb3 h6 8. Nbd2 0-0 9. h3 Ba7 10. Re1 b5 11. a4 b4 12. Bc4 Bd7 13. Bb5 Ne7 14. Bxd7 Nxd7 15. d4 exd4 16. cxd4 d5 17. exd5 Nxd5 18. Nc4 c6 19. Qd3 c5 20. Qf5 N7f6 21. dxc5 Qc7 22. Be3 Bxc5 23. Bxc5 Qxc5 24. Rac1 g6 25. Qd3 Nf4 26. Qd2 Qf5 27. Re5 Nxh3+ 28. Kf1 Qf4 29. Rxa5 Rxa5 30. Nxa5 Ra8 31. Nb3 Qg4 32. Qxh6 Nf4 33. Qg5 Qxg5 34. Nxg5 Rxa4 35. g3 N4d5 36. Ra1 Rxa1+ 37. Nxa1 Ng4 38. Nc2 b3 39. Nd4 Nb6 40. Nxb3 Nc4 1/2-1/2

[Event "Qatar Masters op"]
[Site "Doha"]
[Date "2023.10.12"]
[Round "2"]
[White "Sethuraman, SP."]
[Black "Vaishali, Ramesh Babu"]
[Result "0-1"]
[WhiteElo "2598"]
[BlackElo "2448"]
[PlyCount "94"]
[EventDate "2023.10.11"]
[EventType "swiss"]
[EventRounds "9"]
[EventCountry "QAT"]
[SourceTitle "Mega2024 Update 01"]
[Source "Chessbase"]
[SourceDate "2023.11.12"]
[SourceVersion "1"]
[SourceVersionDate "2023.11.12"]
[SourceQuality "1"]

1. e4 e5 2. Nf3 Nc6 3. Bc4 Nf6 4. d3 Bc5 5. 0-0 a6 6. c3 d6 7. a4 h6 8. Re1 Ba7 9. Nbd2 0-0 10. Nf1 Be6 11. Bxe6 fxe6 12. b4 Qd7 13. Ra2 Rf7 14. Ng3 Raf8 15. b5 Ne7 16. d4 Ng6 17. Qb3 axb5 18. axb5 Bb6 19. h3 Nh7 20. Re3 Nf4 21. Kh2 Ng5 22. Nxg5 hxg5 23. Rd2 g4 24. hxg4 Qe7 25. Kg1 Qh4 26. Nh5 Nxg2 27. Rg3 Nf4 28. Nxf4 exf4 29. Rg2 f3 30. Rg3 Rf6 31. Rd3 Rg6 32. g5 Qxe4 33. Re3 Qf4 34. Kf1 Qh4 35. Ke1 d5 36. Ba3 Rxg5 37. Rexf3 Rxf3 38. Rxf3 Rg1+ 39. Kd2 Qh6+ 40. Ke2 Qg6 41. Qa4 Qe4+ 42. Re3 Qg4+ 43. Rf3 Qe4+ 44. Re3 Qg4+ 45. Rf3 e5 46. Qa8+ Kh7 47. Qf8 Qe4+ 0-1

[Event "Qatar Masters op"]
[Site "Doha"]
[Date "2023.10.11"]
[Round "1"]
[White "Arhan, Chethan Anand"]
[Black "Sethuraman, SP."]
[Result "0-1"]
[WhiteElo "2395"]
[BlackElo "2598"]
[PlyCount "86"]
[EventDate "2023.10.11"]
[EventType "swiss"]
[EventRounds "9"]
[EventCountry "QAT"]
[SourceTitle "Mega2024 Update 01"]
[Source "Chessbase"]
[SourceDate "2023.11.12"]
[SourceVersion "1"]
[SourceVersionDate "2023.11.12"]
[SourceQuality "1"]

1. d4 Nf6 2. c4 e6 3. g3 d5 4. Nf3 Bb4+ 5. Bd2 Be7 6. Bg2 Nbd7 7. 0-0 c6 8. Qc2 a5 9. Rd1 0-0 10. Bf4 a4 11. Ne5 Qa5 12. Nc3 Nxe5 13. dxe5 Nd7 14. cxd5 exd5 15. e4 dxe4 16. Bxe4 h6 17. Qe2 a3 18. Rd4 axb2 19. Qxb2 Nc5 20. Re1 Nxe4 21. Rexe4 Qa3 22. Qd2 Bf5 23. Re3 Qa7 24. Rf3 Be6 25. Rfd3 Qa5 26. a4 Bc5 27. Rd6 Bxd6 28. exd6 Rfd8 29. Qe3 Bf5 30. Rd4 Rd7 31. g4 Bxg4 32. Bxh6 Qh5 33. Bf4 f6 34. Ne4 Re8 35. Qg3 Kf7 36. h4 Bf3 37. Qh3 Re6 38. Kh2 Bxe4 39. Rxe4 Rdxd6 40. Qb3 Qxh4+ 41. Kg2 Qg4+ 42. Kh2 Qh5+ 43. Kg2 Qg6+ 0-1

[Event "Tsaghkadzor op"]
[Site "Tsaghkadzor"]
[Date "2023.09.25"]
[Round "7"]
[White "Sethuraman, SP."]
[Black "Petrosian, Tigran L"]
[Result "0-1"]
[WhiteElo "2608"]
[BlackElo "2548"]
[PlyCount "86"]
[EventDate "2023.09.20"]
[EventType "swiss"]
[EventRounds "9"]
[EventCountry "ARM"]
[SourceTitle "EXT 2024"]
[Source "ChessBase"]
[SourceDate "2023.10.10"]
[SourceVersion "1"]
[SourceVersionDate "2023.10.10"]
[SourceQuality "1"]

1. e4 e5 2. Nf3 Nc6 3. Bc4 Bc5 4. d3 Nf6 5. c3 d6 6. Bg5 h6 7. Bh4 a6 8. b4 Ba7 9. Nbd2 Be6 10. 0-0 Qe7 11. Bb3 Bxb3 12. Nxb3 g5 13. Bg3 h5 14. h4 gxh4 15. Nxh4 Qe6 16. Qf3 0-0-0 17. Nf5 Rdg8 18. Bh4 Rg6 19. Nd2 Rhg8 20. g3 Rg4 21. Kh2 Kb8 22. Nc4 d5 23. Nce3 dxe4 24. dxe4 Nxe4 25. Nxg4 Nd2 26. Qe2 Nxf1+ 27. Rxf1 Rxg4 28. Ne3 Bxe3 29. Qxe3 e4 30. Rd1 b6 31. Bg5 Ne5 32. Kg2 Nd3 33. a4 Qf5 34. Bd8 h4 35. a5 hxg3 36. f3 exf3+ 37. Qxf3 Qxf3+ 38. Kxf3 g2 39. Kxg4 Nf2+ 40. Kf3 Nxd1 41. Kxg2 bxa5 42. bxa5 Nxc3 43. Kf3 Kc8 0-1

[Event "Tsaghkadzor op"]
[Site "Tsaghkadzor"]
[Date "2023.09.24"]
[Round "6"]
[White "Daakshin, Arun"]
[Black "Sethuraman, SP."]
[Result "0-1"]
[WhiteElo "2427"]
[BlackElo "2608"]
[PlyCount "66"]
[EventDate "2023.09.20"]
[EventType "swiss"]
[EventRounds "9"]
[EventCountry "ARM"]
[SourceTitle "EXT 2024"]
[Source "ChessBase"]
[SourceDate "2023.10.10"]
[SourceVersion "1"]
[SourceVersionDate "2023.10.10"]
[SourceQuality "1"]

1. d4 Nf6 2. c4 e6 3. Nc3 d5 4. cxd5 exd5 5. Bg5 Bb4 6. e3 h6 7. Bh4 g5 8. Bg3 Ne4 9. a3 Bxc3+ 10. bxc3 Nc6 11. Bd3 Bf5 12. Ne2 Qe7 13. f3 Nxg3 14. hxg3 Bxd3 15. Qxd3 h5 16. g4 h4 17. Ng3 0-0-0 18. Nf5 Qe6 19. Rb1 Ne7 20. Kf2 Kb8 21. e4 dxe4 22. fxe4 Nxf5 23. gxf5 Qd6 24. e5 Qxa3 25. Qc4 g4 26. Ke3 h3 27. g3 Rh5 28. Rh2 Rxf5 29. Rhb2 b6 30. Ke4 Rf3 31. Rb4 f5+ 32. exf6 Re8+ 33. Kd5 Rxf6 0-1

[Event "IND-ch 60th"]
[Site "Pune"]
[Date "2023.08.22"]
[Round "7"]
[White "Sethuraman, SP."]
[Black "Puranik, Abhimanyu Sameer"]
[Result "1/2-1/2"]
[WhiteElo "2591"]
[BlackElo "2611"]
[PlyCount "62"]
[EventDate "2023.08.16"]
[EventType "swiss"]
[EventRounds "11"]
[EventCountry "IND"]
[SourceTitle "EXT 2024"]
[Source "ChessBase"]
[SourceDate "2023.10.10"]
[SourceVersion "1"]
[SourceVersionDate "2023.10.10"]
[SourceQuality "1"]

1. e4 e5 2. Nf3 Nc6 3. Bb5 a6 4. Ba4 Nf6 5. 0-0 b5 6. Bb3 Bc5 7. c3 d6 8. d4 Bb6 9. Be3 0-0 10. Nbd2 Re8 11. a4 Rb8 12. axb5 axb5 13. Qe2 exd4 14. cxd4 Bg4 15. Qxb5 Bxf3 16. Nxf3 Nxd4 17. Bxd4 Bxd4 18. Bxf7+ Kxf7 19. Qc4+ d5 20. Qxd4 dxe4 21. Qc4+ Kf8 22. Ng5 Qe7 23. Ra6 Rb4 24. Ne6+ Kg8 25. Qxc7 Rxb2 26. Qxe7 Rxe7 27. Nd4 Re5 28. h3 h6 29. Rc1 e3 30. fxe3 Rxe3 31. Re6 Rxe6 1/2-1/2

[Event "Titled Tuesday intern op 08th Aug Early"]
[Site "Chess.com INT"]
[Date "2023.08.08"]
[Round "3"]
[White "Eilers, Stefan"]
[Black "Sethuraman, SP."]
[Result "1-0"]
[WhiteElo "2300"]
[BlackElo "2591"]
[PlyCount "75"]
[EventDate "2023.08.08"]
[EventType "swiss (blitz)"]
[EventRounds "11"]
[EventCountry "USA"]
[SourceTitle "EXT 2024"]
[Source "ChessBase"]
[SourceDate "2023.10.10"]
[SourceVersion "1"]
[SourceVersionDate "2023.10.10"]
[SourceQuality "1"]

1. d4 Nf6 2. Nc3 d5 3. Bf4 e6 4. Nb5 Bb4+ 5. c3 Ba5 6. a4 a6 7. b4 Bxb4 8. cxb4 axb5 9. axb5 Rxa1 10. Qxa1 0-0 11. e3 Qe7 12. Qc3 Ne4 13. Qb2 Nd6 14. Bd3 Bd7 15. Qc2 Nxb5 16. Bxh7+ Kh8 17. Bd3 Qxb4+ 18. Kf1 Qc3 19. Qd1 Kg8 20. Ne2 Qa3 21. g4 Na6 22. Kg2 c5 23. h4 c4 24. Bb1 Nb4 25. h5 Nd3 26. h6 g6 27. h7+ Kh8 28. Bh6 Re8 29. Nf4 Nc3 30. Qf3 Qe7 31. Bc2 Ne4 32. Nxd3 cxd3 33. Bxd3 f5 34. Qf4 Qf6 35. g5 Qe7 36. Qe5+ Kxh7 37. Bf8+ Kg8 38. Rh8+ 1-0

[Event "Titled Tuesday intern op 08th Aug Early"]
[Site "Chess.com INT"]
[Date "2023.08.08"]
[Round "2"]
[White "Sethuraman, SP."]
[Black "Olivares Olivares, Claudio"]
[Result "1-0"]
[WhiteElo "2591"]
[BlackElo "2307"]
[PlyCount "81"]
[EventDate "2023.08.08"]
[EventType "swiss (blitz)"]
[EventRounds "11"]
[EventCountry "USA"]
[SourceTitle "EXT 2024"]
[Source "ChessBase"]
[SourceDate "2023.10.10"]
[SourceVersion "1"]
[SourceVersionDate "2023.10.10"]
[SourceQuality "1"]

1. Nf3 d5 2. d4 Nf6 3. Bf4 c5 4. e3 Nc6 5. Nbd2 Bf5 6. Bb5 e6 7. Ne5 Qb6 8. c4 a6 9. Qa4 Rc8 10. Bxc6+ bxc6 11. dxc5 Bxc5 12. 0-0 0-0 13. Nb3 Bd6 14. Nd7 Nxd7 15. Bxd6 c5 16. Bxf8 Nxf8 17. cxd5 exd5 18. Rfc1 Ne6 19. Qa5 Qa7 20. Nd2 h5 21. b4 c4 22. Qxd5 Bd3 23. Nxc4 Rd8 24. Nd6 Bg6 25. Rc8 Rxc8 26. Nxc8 Qb8 27. Ne7+ Kh7 28. Nxg6 Kxg6 29. Qd3+ Kh6 30. a3 Qb7 31. Rd1 h4 32. Qd5 Qc7 33. h3 Qc2 34. Qd3 Qb2 35. Qxa6 Qc2 36. Qd3 Qa4 37. b5 f6 38. b6 Ng5 39. b7 Qa7 40. Qb1 Qb8 41. Rd8 1-0

[Event "Titled Tuesday intern op 08th Aug Early"]
[Site "Chess.com INT"]
[Date "2023.08.08"]
[Round "4"]
[White "Sethuraman, SP."]
[Black "Zubarev, Alexander2222"]
[Result "1-0"]
[WhiteElo "2591"]
[BlackElo "2372"]
[PlyCount "77"]
[EventDate "2023.08.08"]
[EventType "swiss (blitz)"]
[EventRounds "11"]
[EventCountry "USA"]
[SourceTitle "EXT 2024"]
[Source "ChessBase"]
[SourceDate "2023.10.10"]
[SourceVersion "1"]
[SourceVersionDate "2023.10.10"]
[SourceQuality "1"]

1. d4 e6 2. e4 d5 3. Nc3 dxe4 4. Nxe4 Bd7 5. Nf3 Bc6 6. Bd3 Nd7 7. c3 Ngf6 8. Nxf6+ Nxf6 9. 0-0 Bxf3 10. Qxf3 c6 11. Re1 Be7 12. a4 a5 13. Bf4 0-0 14. Qh3 g6 15. Be5 Bd6 16. Rad1 Bxe5 17. dxe5 Nd7 18. Bxg6 hxg6 19. Rd4 Kg7 20. Red1 Qc7 21. Rxd7 Qxe5 22. Qf3 Rad8 23. g3 Rxd7 24. Rxd7 b5 25. Qxc6 bxa4 26. Qxa4 Rb8 27. Qc2 Qb5 28. Rd2 a4 29. Qe4 Qb3 30. h4 Rb5 31. c4 Rf5 32. Kg2 a3 33. bxa3 Qxa3 34. Qd4+ Kh7 35. Qe4 Qc3 36. Rc2 Qb4 37. g4 Ra5 38. Qf3 Qd6 39. Qxf7+ 1-0

[Event "Titled Tuesday intern op 08th Aug Early"]
[Site "Chess.com INT"]
[Date "2023.08.08"]
[Round "6"]
[White "Shvedova, Alexandra"]
[Black "Sethuraman, SP."]
[Result "0-1"]
[WhiteElo "2207"]
[BlackElo "2591"]
[PlyCount "70"]
[EventDate "2023.08.08"]
[EventType "swiss (blitz)"]
[EventRounds "11"]
[EventCountry "USA"]
[SourceTitle "EXT 2024"]
[Source "ChessBase"]
[SourceDate "2023.10.10"]
[SourceVersion "1"]
[SourceVersionDate "2023.10.10"]
[SourceQuality "1"]

1. e4 c5 2. Ne2 Nc6 3. d4 cxd4 4. Nxd4 Nf6 5. Nc3 d6 6. Bg5 e6 7. Qd2 a6 8. 0-0-0 Be7 9. f4 Bd7 10. Nf3 b5 11. Bxf6 gxf6 12. f5 Qa5 13. Kb1 h5 14. g3 b4 15. Ne2 e5 16. Nc1 Rc8 17. Be2 Qb6 18. h3 a5 19. g4 a4 20. g5 fxg5 21. f6 Bf8 22. Qxg5 b3 23. cxb3 axb3 24. Nxb3 Be6 25. Rc1 Bh6 26. Qxh5 Kd7 27. Rcd1 Bf4 28. Qxh8 Rxh8 29. h4 Nb4 30. Nc1 Bxc1 31. Rxc1 Bxa2+ 32. Ka1 Be6 33. Rc3 Qa5+ 34. Kb1 Qa2+ 35. Kc1 Qa1+ 0-1